Online
Catalog

X Congreso Internacional de Investigación Científica : (Record no. 47973)

MARC details
000 -CABECERA
campo de control de longitud fija 02062nam a2200289 a 4500
001 - NÚMERO DE CONTROL
campo de control 000048485
003 - IDENTIFICADOR DEL NÚMERO DE CONTROL
campo de control DO-SdBNP
005 - FECHA Y HORA DE LA ÚLTIMA TRANSACCIÓN
campo de control 20230111130907.0
007 - CAMPO FIJO DE DESCRIPCIÓN FÍSICA--INFORMACIÓN GENERAL
campo de control de longitud fija ta
008 - DATOS DE LONGITUD FIJA--INFORMACIÓN GENERAL
campo de control de longitud fija 190325s2014 dr a 000 0 spa d
020 ## - NÚMERO INTERNACIONAL ESTÁNDAR DEL LIBRO
Número Internacional Estándar del Libro 9789945891713
040 ## - FUENTE DE LA CATALOGACIÓN
Centro catalogador/agencia de origen DO-SdBNP
Lengua de catalogación spa
Centro/agencia transcriptor BNPHU
082 #4 - NÚMERO DE LA CLASIFICACIÓN DECIMAL DEWEY
Número de documento/Ítem C749i
Número de edición 22
111 2# - ENTRADA PRINCIPAL--NOMBRE DE CONGRESO/REUNIÓN
Nombre de congreso/reunión o jurisdicción como elemento de entrada Congreso Internacional de Investigación Científica
Número del congreso/reunión o número de parte o sección (10 mo. :
Fecha del congreso/reunión 12 -13 de junio 2014
Sede del congreso/Lugar de la reunión Santo Domingo)
9 (RLIN) 75905
245 10 - MENCIÓN DE TÍTULO
Título X Congreso Internacional de Investigación Científica :
Resto del título programa y libro de resúmenes : 12 -13 de junio 2014, Biblioteca Pedro Mir, Universidad Autónoma de Santo Domingo(UASD), Santo Domingo, República Dominicana /
Mención de responsabilidad, etc. edición Carlos Ml. Rodríguez Peña, Placido F. Gómez Ramírez, Sixto J. Inchaustegui ; compilador Laura Marcos ; ilustración W. Marcelo Maurer.
246 10 - FORMA VARIANTE DE TÍTULO
Título propio/Titulo breve Décimo Congreso Internacional de Investigación Científica
260 ## - PUBLICACIÓN, DISTRIBUCIÓN, ETC.
Lugar de publicación, distribución, etc. Santo Domingo :
Nombre del editor, distribuidor, etc. Ministerio de Educación Superior Ciencia y Tecnología (MESCYT),
Fecha de publicación, distribución, etc. 2014.
300 ## - DESCRIPCIÓN FÍSICA
Extensión 197 p. :
Otras características físicas il. ;
Dimensiones 27 cm.
505 0# - NOTA DE CONTENIDO CON FORMATO
Nota de contenido con formato Mensaje -- director del programa científico, presidente comité organizador -- 5
Título Mensaje -- director de investigación científica -- 7
-- Objetivos: general y específicos -- 11
-- Comité organizador -- 12
-- Programa
-- Ubicación de las salas -- 15
-- Programa inauguración miércoles 11 -- 17
-- Programa jueves 12 - matutino -- 18
-- Programa jueves 12 - vespertino -- 24
-- Programa viernes 13 - matutino -- 36
-- Programa viernes 13 - vespertino 42
-- Exhibición de carteles 12-13 -- 54
-- Actividades realizadas durante la semana de la investigación científica -- 57
-- Resúmenes
-- ¿Cómo usar este libro de resúmenes? -- 59
-- 1-99 -- 60
-- 100-199 -- 101
-- 200-265 -- 141
-- Addendum -- 170
-- Directorio -- 173
590 ## - NOTA LOCAL (RLIN)
Nota local Inventariado, 2019 /LP
700 1# - PUNTO DE ACCESO ADICIONAL--NOMBRE DE PERSONA
Nombre de persona Rodríguez Peña, Carlos Ml.,
Término indicativo de función/relación ed.
9 (RLIN) 72566
700 1# - PUNTO DE ACCESO ADICIONAL--NOMBRE DE PERSONA
Nombre de persona Gómez Ramírez, Placido F.,
Término indicativo de función/relación ed.
9 (RLIN) 75906
700 1# - PUNTO DE ACCESO ADICIONAL--NOMBRE DE PERSONA
Nombre de persona Inchaustegui, Sixto J.,
Término indicativo de función/relación ed.
9 (RLIN) 7053
700 1# - PUNTO DE ACCESO ADICIONAL--NOMBRE DE PERSONA
Nombre de persona Marcos, Laura,
Término indicativo de función/relación comp.
9 (RLIN) 75907
700 1# - PUNTO DE ACCESO ADICIONAL--NOMBRE DE PERSONA
Nombre de persona Maurer, Willy Marcelo,
Término indicativo de función/relación il.
9 (RLIN) 75908
942 ## - ELEMENTOS DE PUNTO DE ACCESO ADICIONAL (KOHA)
Fuente del sistema de clasificación o colocación Dewey Decimal Classification
Tipo de ítem Koha Libro
Holdings
Estado de retiro Estado de pérdida Fuente del sistema de clasificación o colocación Restricciones de uso No para préstamo Código de colección Localización permanente Ubicación/localización actual Ubicación en estantería Fecha de adquisición Signatura topográfica completa Código de barras Fecha visto por última vez Precio válido a partir de Tipo de ítem Koha Número de copia Fuente de adquisición Total de préstamos
    Dewey Decimal Classification Excluido de préstamo   Patrimonio Dominicano Biblioteca Nacional Pedro Henríquez Ureña Biblioteca Nacional Pedro Henríquez Ureña Depósito 25.03.2019 BNPHU PD C749i 48485-10 25.06.2020 25.06.2020 Libro      
    Dewey Decimal Classification Excluido de préstamo   Patrimonio Dominicano Biblioteca Nacional Pedro Henríquez Ureña Biblioteca Nacional Pedro Henríquez Ureña En catalogación 28.03.2019 BNPHU PD C749i 48485-20 25.06.2020 25.06.2020 Libro e. 2    
    Dewey Decimal Classification Préstamo en sala   Dominicana de Servicio Biblioteca Nacional Pedro Henríquez Ureña Biblioteca Nacional Pedro Henríquez Ureña En catalogación 11.01.2023 BNPHU DS C749i 2023-0062 11.01.2023 11.01.2023 Libro e.3 Donación  

Powered by Koha